000 00825aam a22002771 4500
001 99930848902419
003 CBULib
005 20260507122554.0
008 260507b |||||||| |||| 00| 0 eng d
010 _a9781455770083
_b(electronic bk.)
010 _a1455770086
_b(electronic bk.)
010 _a9781455770632
_b(electronic bk.)
010 _a1455770639
_b(electronic bk.)
035 _a(WlAbNL)(Uk)ark:/81055/vdc_100052726815.0x000001
035 _a(WlAbNL)(Uk)018659322
040 _cCBULib
100 _a20140227d2014 uy 0
210 1 _aPhiladelphia :
245 _aNETTER'S CLINICAL ANATOMY
300 _aIncludes index.
517 3 _aClinical anatomy
700 _aHansen
_b John T
942 _2lcc
_c002
_n0
981 _aLD-Ebook
999 _c86695
_d86695